000 01143nam a22002417a 4500
001 3641
003 FISKH
005 20240402100022.0
008 240402b cb ||||| |||| 00| 0 eng d
040 _aFISKH
_bkhr
_cFISKH
_dFISKH
050 _aPZ7
082 _a512.74
100 _aKimsrun, Inn
245 _aកំណែលំហាត់ គណិតវិទ្យា ថ្នាក់ទី​​៩/
260 _aPhnom Penh :
_bគ្រិះស្ថានបោះពុម្ពនិងចែកផ្សាយ,
_c2012.
300 _a180 pages :
_c21 cm
520 _aកំណែ​លំហាត់​គណិតវិទ្យា ថ្នាក់ទី៩ ជា​សៀវភៅ​ជំនួយ​ដល់​ការ​ហ្វឹកហាត់​បន្ថែម​នៅ​ផ្ទះ សម្រាប់​ថ្នាក់​មធ្យមសិក្សា ។
520 _aGrade 9 Math Exercises is a textbook for extra practice at home for high school students.
650 _aកំណែគណិតវិទ្យា​
650 _aMath version
942 _2ddc
_cKHB
_n0
999 _c3641
_d3641